Internet : The complete Reference: INTERNET MILLENNIUM EDITION (Record no. 163)

MARC details
000 -LEADER
fixed length control field 00472nam a22001697a 4500
005 - DATE AND TIME OF LATEST TRANSACTION
control field 20210910110001.0
008 - FIXED-LENGTH DATA ELEMENTS--GENERAL INFORMATION
fixed length control field 160428b xxu||||| |||| 00| 0 eng d
020 ## - INTERNATIONAL STANDARD BOOK NUMBER
ISBN 0-07-463981-1
041 ## - LANGUAGE CODE
Language code of text/sound track or separate title eng
082 ## - DEWEY DECIMAL CLASSIFICATION NUMBER
Item number 00573
Classification number 004.678
100 ## - MAIN ENTRY--AUTHOR NAME
Personal name Young, Margaret Levine
245 ## - TITLE STATEMENT
Title Internet : The complete Reference: INTERNET MILLENNIUM EDITION
260 ## - PUBLICATION, DISTRIBUTION, ETC. (IMPRINT)
Place of publication New Delhi
Name of publisher TMH Publ.co.Ltd.
Year of publication 2003
300 ## - PHYSICAL DESCRIPTION
Number of Pages 956
650 ## - SUBJECT ADDED ENTRY--TOPICAL TERM
Topical Term Information Technology
942 ## - ADDED ENTRY ELEMENTS (KOHA)
Koha item type Books
Holdings
Lost status Damaged status Collection code Home library Current library Shelving location Date acquired Full call number Accession Number Koha item type
    CS/IT JRU Library JRU Library SHELF-52-J 28/04/2016 004.678 00573 Books